Maiores cidades da Região Norte de Portugal (NUTS II) - Statistics

Estatísticas Gerais
  • Esse quiz foi jogado 125 vezes
  • A pontuação média é 9 de 15
Estatísticas das Respostas
População Resposta % Correto
237 591 Porto
98%
136 885 Braga
97%
54 097 Guimarães
90%
37 972 Viana do Castelo
83%
186 502 Vila Nova de Gaia
81%
27 735 Vila Real
76%
49 486 Matosinhos
75%
40 184 Maia
67%
28 636 Vila do Conde
58%
25 000 Gondomar
53%
40 053 Póvoa de Varzim
45%
34 843 Vila Nova de Famalicão
42%
50 713 Rio Tinto
34%
38 798 Ermesinde
27%
27 747 Senhora da Hora
9%
Nenhum quiz correspondente encontrado
Distribuição das Pontuações
Porcentagem de Pessoas com Cada Pontuação
Percentil de Números Respondidos
Sua Pontuação Histórica
Você não jogou esse quiz